000 00225nam a2200097Ia 4500
005 20251222114403.0
008 251222s1900||||xx |||||||||||||| ||spa||
082 _aDVD0170/A53/2001
245 0 _aLos otros:The Others
942 _cDVD
999 _c1716
_d1716